Translate Baby - Statistics

General Stats
  • This quiz has been taken 16 times
  • The average score is 8 of 51
Answer Stats
Hint Answer % Correct
Spanish Bebé
100%
French Bébé
100%
Portuguese Bebê
100%
German Baby
64%
Dutch Baby
64%
Danish Baby
64%
Norwegian Baby
64%
Italian Bambino
57%
Hungarian Baba
43%
Croatian Beba
21%
Greek Μωρό
7%
Hindi बच्चा
7%
Punjabi ਬੱਚਾ
7%
Farsi نوزاد
7%
Arabic رضيع
7%
Hebrew תינוק
7%
Mandarin 婴儿/宝贝
7%
Japanese 赤ちゃん
7%
Korean 아기
7%
Georgian ჩვილი
7%
Nepali बच्चा
7%
Slovak Bábätko
7%
Indonesian Bayi
7%
Turkish Bebek
7%
Romanian Bebeluș
7%
Uzbek Chaqaloq
7%
Cantonese 嬰兒/Jing1 ji4
7%
Swahili Mchanga
7%
Yoruba Ọmọ
7%
Icelandic Ungabarn
7%
Zulu Usana
7%
Russian Младенец
0%
Serbian Беба
0%
Ukrainian Немовля
0%
Armenian Երեխա
0%
Bengali শিশু
0%
Kazakh Сәби
0%
Amharic ሕፃን
0%
Mongolian Нялх хүүхэд
0%
Tamazight ⴰⵊⵉⵏⵏⵉ
0%
Swedish Bebis
0%
Estonian Beebi
0%
Somali Cunug
0%
Vietnamese Em bé
0%
Albanian Foshnjë
0%
Lithuanian Kūdikis
0%
Czech Miminko
0%
Polish Niemowlę
0%
Kurdish Pitik
0%
Filipino Sanggol
0%
Finnish Vauva
0%
No matching quizzes found
Score Distribution
Percent of People with Each Score
Percentile by Number Answered
Your Score History
You have not taken this quiz